000 00723pam a2200241 a 4500
001 2578507
005 20180220043359.0
008 960228s1996 caua bf 001 0 eng
010 _a 96012251
020 _a0874368278 (cloth : alk. paper)
040 _aDLC
_cDLC
_dDLC
041 _aeng
043 _an-us---
080 _a363.46
082 0 0 _a363.46 COS
_220
100 1 _a50
101 _aSOC
245 1 0 _aAbortion :
_cMarie Costa.
504 _aIncludes bibliographical references and index.
906 _a7
_bcbc
_corignew
_d1
_eocip
_f19
_gy-gencatlg
942 _2ddc
_cBK
999 _c42900
_d42900